Madrid - Estadísticas

Estadísticas generales
  • Esta prueba ha sido intentada 26 veces
  • La puntuación promedio es 11 de 130
Respuestas en el mapa
Las respuestas están codificadas por una escala verde-roja en el mapa de la prueba según el % correcto abajo.
 
Estadísticas de respuestas
Respuesta % Correcto
Aeropuerto
36%
El Pardo
36%
Sol
36%
Campamento
27%
Casa de Campo
27%
Casco Histórico de Vallecas
27%
Ciudad Universitaria
27%
El Viso
27%
Guindalera
27%
Aravaca
18%
Argüelles
18%
Butarque
18%
Casco Histórico de Vicálvaro
18%
Cuatro Caminos
18%
Cuatro Vientos
18%
El Plantío
18%
Embajadores
18%
Gaztambide
18%
Imperial
18%
Palacio
18%
Prosperidad
18%
Pueblo Nuevo
18%
Puerta del Ángel
18%
Rejas
18%
San Fermín
18%
Simancas
18%
Trafalgar
18%
Valdebernardo
18%
Valverde
18%
Arcos
9%
Atalaya
9%
Atocha
9%
Canillas
9%
Canillejas
9%
Casco Histórico de Barajas
9%
Castilla
9%
Castillejos
9%
Corralejos
9%
Cortes
9%
Delicias
9%
El Cañaveral
9%
El Goloso
9%
Estrella
9%
Hellín
9%
Ibiza
9%
Jerónimos
9%
La Paz
9%
Las Águilas
9%
Lista
9%
Los Cármenes
9%
Los Rosales
9%
Marroquina
9%
Media Legua
9%
Mirasierra
9%
Moscardó
9%
Niño Jesús
9%
Numancia
9%
Orcasur
9%
Palomeras Bajas
9%
Palos de la Frontera
9%
Peñagrande
9%
Pilar
9%
Piovera
9%
Portazgo
9%
Puerta Bonita
9%
Recoletos
9%
Ríos Rosas
9%
San Cristóbal
9%
San Isidro
9%
San Juan Bautista
9%
San Pascual
9%
Santa Eugenia
9%
Valdeacederas
9%
Valdefuentes
9%
Valdemarín
9%
Valdezarza
9%
Ventas
9%
Vista Alegre
9%
Zofío
9%
Abrantes
0%
Acacias
0%
Adelfas
0%
Alameda de Osuna
0%
Almagro
0%
Almenara
0%
Almendrales
0%
Aluche
0%
Amposta
0%
Apóstol Santiago
0%
Arapiles
0%
Bellas Vistas
0%
Berruguete
0%
Buenavista
0%
Castellana
0%
Chopera
0%
Ciudad Jardín
0%
Colina
0%
Comillas
0%
Concepción
0%
Costillares
0%
Ensanche de Vallecas
0%
Entrevías
0%
Fontarrón
0%
Fuente del Berro
0%
Fuentelarreina
0%
Goya
0%
Hispanoamérica
0%
Horcajo
0%
Justicia
0%
Legazpi
0%
Los Ángeles
0%
Lucero
0%
Nueva España
0%
Opañel
0%
Orcasitas
0%
Pacífico
0%
Palomas
0%
Palomeras Sureste
0%
Pavones
0%
Pinar del Rey
0%
Pradolongo
0%
Quintana
0%
Rosas
0%
Salvador
0%
San Diego
0%
Timón
0%
Universidad
0%
Valderrivas
0%
Vallehermoso
0%
Vinateros
0%
No se encontraron pruebas coincidentes
Distribución de puntuación
Porcentaje de gente con cada puntuación
Porcentaje por número respondido
Historial de tus puntuaciones
No has intentado esta prueba.